• 首页
  • 本馆介绍
  • 公告通知
  • 最新文献
  • 馆藏检索
  • 电子资源
  • 读者导购
  • 参考咨询
  • 我的图书馆
  • 登录
  • 详细信息显示
  • 放入我的书架
  • 预约/预借图书
  • 作者相关作品
  • 分类相关作品
  • 丛书相关作品
  • 出版社相关作品

书目信息

  • 表格格式
  • 工作单格式
  • 卡片格式
题名:
空气调节技术
    
 
作者: 朱立 主编
分册:  
出版信息: 北京   高等教育出版社  2008.12
页数: 366页
开本: 26cm
丛书名:
单 册:
中图分类: TU831
科图分类:
主题词: 空气调节--高等教育--教材 , 空气调节
电子资源:
ISBN: 978-7-04-024735-0
000 00961nam0 2200277 450
001 0400001800
005 20171019162059.0
010    @a978-7-04-024735-0@dCNY35.80
100    @a20090211e20172008em y0chiy50 ea
101 0  @achi
102    @aCN@b110000
105    @aa z 000yy
106    @ar
200 1  @a空气调节技术@9kong qi tiao jie ji shu@f朱立主编
210    @a北京@c高等教育出版社@d2008.12@h2017.1
215    @a366页@c图@d26cm
300    @a全国高职高专教育“十一五”规划教材 制冷与空调技术专业领域
312    @a封面英文题名:Air condition refrigeration
330    @a本书全面介绍了湿空气的物理性质以及焓湿图的使用方法,空调负荷的计算,各种空气调节系统及全面调节的方法,空气处理过程及其处理设备等。
510 1  @aAir condition refrigeration@zeng
606 0  @a空气调节@x高等教育@j教材
606 0  @a空气调节
690    @aTU831@v4
701  0 @a朱立@9zhu li@c(制冷)@4主编
801  0 @aCN@b91MARC@c20171019
905    @b1030691-5@dTU831@f5@e1108
    
    空气调节技术/朱立主编.-北京:高等教育出版社,2008.12(2017.1)
    366页:图;26cm
    全国高职高专教育“十一五”规划教材 制冷与空调技术专业领域
    
    ISBN 978-7-04-024735-0:CNY35.80
    本书全面介绍了湿空气的物理性质以及焓湿图的使用方法,空调负荷的计算,各种空气调节系统及全面调节的方法,空气处理过程及其处理设备等。
●
相关链接 在E读中查询图书 在五车中查询图书 在当当中查询图书 在豆瓣中查询图书


正题名:空气调节技术     索取号:TU831/1108         预约/预借

序号 登录号 条形码 馆藏地/架位号 状态 备注
1 1030691   210306916   第二样本阅览室/ [索取号:TU831/1108] 在馆    
2 1030692   210306925   密集书库-生命科学系/ [索取号:TU831/1108] 在馆    
3 1030693   210306934   第三借阅区/ [索取号:TU831/1108] 在馆    
4 1030694   210306943   第三借阅区/ [索取号:TU831/1108] 在馆    
5 1030695   210306952   第三借阅区/ [索取号:TU831/1108] 在馆    
唐山师范学院图书馆 欢迎您!
大连网信软件有限公司© 版权所有